LEADER 01028nam0 22002651i 450 001 UON00519259 005 20231205105537.336 100 $a20231030d1986 |0itac50 ba 101 $ager 102 $aDE 105 $a|||| ||||| 200 1 $aErinnerung an einen König$eFriedrich 2. von Preussen, 1712-1786$fvon Werner Knopp 210 $aBonn$cInter Nationes$d1986 215 $a64 p.$cill.$d21 cm 606 $aGERMANIA$xStoria$xSec. 18.$3UONC084041$2FI 620 $aDE$dBonn$3UONL000478 676 $a943.05$cStoria dell'Europa centrale. Germania. 1705-1790$v21 700 1$aKNOPP$bWerner$3UONV292811$01591368 712 $aInter Nationes$3UONV268914$4650 801 $aIT$bSOL$c20240220$gRICA 899 $aSIBA - SISTEMA BIBLIOTECARIO DI ATENEO$2UONSI 912 $aUON00519259 950 $aSIBA - SISTEMA BIBLIOTECARIO DI ATENEO$dSI F. Goethe 930.85 FRI 4865 BIS $eSI 46851 5 4865 BIS 996 $aErinnerung an einen König$93904879 997 $aUNIOR LEADER 02184oas 2200637 a 450 001 9910894319203321 005 20260218112455.0 035 $a(DE-599)ZDB2769214-0 035 $a(OCoLC)610474648 035 $a(CONSER) 2011250533 035 $a(CKB)2670000000006355 035 $a(DE-599)2769214-0 035 $a(EXLCZ)992670000000006355 100 $a20100426a200u9999 uy 101 0 $aspa 135 $aur||||||||||| 181 $ctxt$2rdacontent 182 $cc$2rdamedia 183 $acr$2rdacarrier 200 00$aCONHISREMI 210 $a[Venezuela] $cInstituto Universitario de Tecnologi?a Toma?s Lander 215 $a1 online resource 300 $aRefereed/Peer-reviewed 300 $a"Revista Universitaria Arbitrada de Investigacio?n y Dia?logo Acade?mico." 311 08$a1690-7760 517 1 $aRevista CONHISREMI 606 $aSocial sciences$xResearch$zVenezuela$vPeriodicals 606 $aEducation$xResearch$zVenezuela$vPeriodicals 606 $aTechnology$xResearch$zVenezuela$vPeriodicals 606 $aEducation$xResearch$2fast$3(OCoLC)fst00902743 606 $aSocial sciences$xResearch$2fast$3(OCoLC)fst01122944 606 $aTechnology$xResearch$2fast$3(OCoLC)fst01145190 607 $aVenezuela$2fast$1https://id.oclc.org/worldcat/entity/E39PBJmDpj4Bm8XF33tDc3kxDq 608 $aPeriodicals.$2fast 615 0$aSocial sciences$xResearch 615 0$aEducation$xResearch 615 0$aTechnology$xResearch 615 7$aEducation$xResearch. 615 7$aSocial sciences$xResearch. 615 7$aTechnology$xResearch. 712 02$aSociedad Mirandina para la Investigacio?n en Educacio?n y Ciencias Sociales. 712 02$aInstituto Pedago?gico de Miranda "Jose? Manuel Siso Marti?nez." 712 02$aInstituto Universitario de Tecnologi?a "Toma?s Lander".$bEscuela Iberoamericana Cooperativa de Estudios Avanzados. 801 0$bSHS 801 1$bSHS 801 2$bBUF 801 2$bOCLCA 801 2$bCUS 801 2$bOCLCF 801 2$bOCLCQ 801 2$bCUS 801 2$bOCLCL 906 $aJOURNAL 912 $a9910894319203321 996 $aCONHISREMI$94251797 997 $aUNINA